Random Processes in Physics and Finance (Record no. 478588)

000 -LEADER
fixed length control field 00496nam a22001697a 4500
003 - CONTROL NUMBER IDENTIFIER
control field NUST
005 - DATE AND TIME OF LATEST TRANSACTION
control field 20180605065245.0
008 - FIXED-LENGTH DATA ELEMENTS--GENERAL INFORMATION
fixed length control field 180605b ||||| |||| 00| 0 eng d
020 ## - INTERNATIONAL STANDARD BOOK NUMBER
International Standard Book Number 9780199673803
038 ## - RECORD CONTENT LICENSOR
Staff Name SNS Library
082 ## - DEWEY DECIMAL CLASSIFICATION NUMBER
Classification number 530.15828 LAX 2013
100 ## - MAIN ENTRY--PERSONAL NAME
Personal name Melvin Lax, Wei Cai ,MIN Xu
9 (RLIN) 10991
245 ## - TITLE STATEMENT
Title Random Processes in Physics and Finance
Statement of responsibility, etc. Melvin Lax, Wei Cai ,MIN Xu
260 ## - PUBLICATION, DISTRIBUTION, ETC.
Place of publication, distribution, etc. USA
Name of publisher, distributor, etc. Oxford University Press
Date of publication, distribution, etc. 2013
300 ## - PHYSICAL DESCRIPTION
Extent xiii, 327 P.
Other physical details Pb.
942 ## - ADDED ENTRY ELEMENTS (KOHA)
Source of classification or shelving scheme
Koha item type Book
Holdings
Withdrawn status Lost status Source of classification or shelving scheme Damaged status Not for loan Permanent Location Current Location Date acquired Total Checkouts Full call number Barcode Date last seen Price effective from Koha item type
          School of Natural Sciences (SNS) School of Natural Sciences (SNS) 06/05/2018   530.15828 LAX 2013 SNS0002571 06/05/2018 06/05/2018 Book
© 2023 Central Library, National University of Sciences and Technology. All Rights Reserved.